000 00569nam a2200193Ia 4500
005 20250326143630.0
008 250326s9999 xx 000 0 und d
020 _a0-8144-7223-0
037 _aTextbook
040 _aFMSL
_beng
_cFMSL
041 _aeng
_2eng
084 _aX:9 P4
_qFMSL
100 _aSmith S
_976734
245 0 _aHR Answer book : indispensable guide for managers and human resource professional
_cSmith S; Mazin R
260 _aNew York
_bNew York, AMACOM
_c2004
300 _a244p
942 _cTB
_hX:9 P4
999 _c1300360
_d1300360